[Event "Sao Bento do Sul op 2nd"]
[Site "Sao Bento do Sul"]
[Date "2014.02.21"]
[Round "2"]
[White "De Lima, Camili Eduarda"]
[Black "Lucas, Gabriel Jungles Da"]
[Result "1-0"]
[WhiteElo "1636"]
[BlackElo "1771"]
[PlyCount "33"]
[EventDate "2014.02.21"]
[EventType "swiss"]
[EventRounds "6"]
[EventCountry "BRA"]
[SourceTitle "CBM 159 Extra"]
[Source "ChessBase"]
[SourceDate "2014.04.24"]
[SourceVersion "1"]
[SourceVersionDate "2014.04.24"]
[SourceQuality "1"]

1. e4 e5 2. Nf3 Nc6 3. d4 Nf6 4. dxe5 Nxe4 5. Qe2 d5 6. Nc3 Be6 7. Nxe4 dxe4 8. Qxe4 Qd5 9. Qxd5 Bxd5 10. Nd2 0-0-0 11. Nc4 Ne7 12. Bg5 f6 13. exf6 Nf5 14. Bd3 Bb4+ 15. c3 Bc5 16. 0-0-0 g6 17. h4 1-0